|
|
|
|
| LEADER |
00000nam0a2200000 4500 |
| 001 |
59364 |
| 005 |
20231031060244.0 |
| 035 |
|
|
|a (RuTPU)RU\TPU\book\62755
|
| 090 |
|
|
|a 59364
|
| 100 |
|
|
|a 20031225d2003 k y0rusy50 ca
|
| 101 |
0 |
|
|a rus
|
| 102 |
|
|
|a RU
|
| 105 |
|
|
|a a dm 001zy
|
| 200 |
1 |
|
|a Геохимия основных типов подземных минеральных вод республики Хакасия и их бальнеологическое значение
|e автореферат диссертации на соискание ученой степени кандидата геолого-минералогических наук
|e Спец. 25.00.07
|f О. А. Мачкасова
|g Томский политехнический университет ; науч. рук. С. Л. Шварцев
|
| 210 |
|
|
|a Томск
|c [Б. и.]
|d 2003
|
| 215 |
|
|
|a 23 с.
|c ил.
|
| 300 |
|
|
|a Защита состоится 26.12.2003
|
| 320 |
|
|
|a Библиогр.: с. 22 (21 назв.)
|
| 452 |
|
1 |
|0 (RuTPU)RU\TPU\book\63328
|t Геохимия основных типов подземных минеральных вод республики Хакасия и их бальнеологическое значение
|o Автореферат диссертации на соискание ученой степени кандидата технических наук:
|f О. А. Мачкасова
|g Томский политехнический университет ; науч. рук. С. Л. Шварцев
|c Томск
|n Б.и.
|d 2003
|a Мачкасова, Ольга Анатольевна
|
| 610 |
1 |
|
|a гидрогеология
|
| 610 |
1 |
|
|a минеральные воды
|
| 610 |
1 |
|
|a Ширинское месторождение
|
| 610 |
1 |
|
|a Алтайское месторождение
|
| 610 |
1 |
|
|a Ханкальское месторождение
|
| 610 |
1 |
|
|a Дикоозерское месторождение
|
| 610 |
1 |
|
|a Абаканский Горячий Ключ
|
| 610 |
1 |
|
|a термальные воды
|
| 610 |
1 |
|
|a геохимия
|
| 610 |
1 |
|
|a химический состав
|
| 610 |
1 |
|
|a бальнеологическое использование
|
| 610 |
1 |
|
|a авторефераты диссертаций
|
| 675 |
|
|
|a 553.7(04)
|v 3
|
| 686 |
|
|
|a 25.00.07
|2 oksvnk
|
| 700 |
|
1 |
|a Мачкасова
|b О. А.
|g Ольга Анатольевна
|
| 702 |
|
1 |
|a Шварцев
|b С. Л.
|c российский гидрогеолог, доктор геолого-минералогических наук
|c профессор Томского политехнического университета, академик РАЕН
|f 1936-
|g Степан Львович
|2 stltpush
|3 (RuTPU)RU\TPU\pers\25914
|4 727
|
| 712 |
0 |
2 |
|a Томский политехнический университет
|2 stltpush
|3 (RuTPU)RU\TPU\col\376
|
| 801 |
|
1 |
|a RU
|b 63413507
|c 20031225
|g PSBO
|
| 801 |
|
2 |
|a RU
|b 63413507
|c 20100521
|g PSBO
|
| 942 |
|
|
|c BK
|